| 000 | 00850nam a22002297a 4500 | ||
|---|---|---|---|
| 008 | 081119t xxu||||| |||| 00| 0 eng d | ||
| 010 | _aENG-91649 | ||
| 020 |
_a9788190738552 _c620.00 |
||
| 035 | _aEN-75182 | ||
| 037 | _bDBAD / PUB | ||
| 040 |
_adpl _bEnglish |
||
| 082 | _a657.95 | ||
| 245 |
_aAccounting in corporate business / _cedited by Pankaj Mehra |
||
| 260 |
_aNew Delhi _bAlfa Publications _c2009 |
||
| 270 |
_a4398/5, Ansari Road, Daryaganj, _bNew Delhi _e110002 |
||
| 300 |
_avi, 280p. _c22cm (Hb) |
||
| 500 | _aIncludes index | ||
| 650 |
_aCorporations _xAccounting |
||
| 700 | _aMehra, Pankaj | ||
| 942 |
_2ddc _cEN _mACC _h657.95 |
||
| 999 |
_c18685 _d18685 |
||